[Event "Siracusa op 2nd"]
[Site "Siracusa"]
[Date "2007.09.07"]
[Round "7"]
[White "Rettore, Ludwig"]
[Black "Seminara, Antonio"]
[Result "1-0"]
[WhiteElo "2182"]
[BlackElo "1980"]
[PlyCount "75"]
[EventDate "2007.09.02"]
[EventType "swiss"]
[EventRounds "9"]
[EventCountry "ITA"]
[SourceTitle "EXT 2010"]
[Source "ChessBase"]
[SourceDate "2010.11.25"]
[SourceVersion "1"]
[SourceVersionDate "2010.11.25"]
[SourceQuality "1"]

1. e4 c5 2. Nf3 Nc6 3. d4 cxd4 4. Nxd4 e5 5. Nb5 a6 6. Nd6+ Bxd6 7. Qxd6 Qf6 8. Qa3 Nge7 9. Nc3 Rb8 10. Be3 b5 11. Nd5 Nxd5 12. exd5 Nd4 13. Bxd4 exd4 14. 0-0-0 Qxf2 15. Qd6 Qe3+ 16. Kb1 Rb7 17. Bxb5 Qh6 18. Qxh6 gxh6 19. Bxa6 Rb6 20. Bxc8 Kd8 21. Bxd7 Kxd7 22. Rxd4 Rf6 23. Rd2 Re8 24. b4 Re4 25. a3 Re3 26. Kb2 Ra6 27. c3 Ra8 28. Rhd1 Rc8 29. Rd3 Re2+ 30. R1d2 Re4 31. Rf3 f5 32. Rxf5 Re3 33. Rf7+ Kd6 34. Rf6+ Kd7 35. Rc6 Rf8 36. Rxh6 Rfe8 37. Rxh7+ Kd6 38. Rh6+ 1-0

[Event "Siracusa op 2nd"]
[Site "Siracusa"]
[Date "2007.09.05"]
[Round "5"]
[White "Alaimo, Riccardo"]
[Black "Seminara, Antonio"]
[Result "1-0"]
[WhiteElo "2191"]
[BlackElo "1980"]
[PlyCount "57"]
[EventDate "2007.09.02"]
[EventType "swiss"]
[EventRounds "9"]
[EventCountry "ITA"]
[SourceTitle "EXT 2010"]
[Source "ChessBase"]
[SourceDate "2010.11.25"]
[SourceVersion "1"]
[SourceVersionDate "2010.11.25"]
[SourceQuality "1"]

1. e4 c5 2. Nc3 Nc6 3. Nf3 Nf6 4. d4 cxd4 5. Nxd4 e5 6. Ndb5 d6 7. Bg5 a6 8. Na3 b5 9. Bxf6 gxf6 10. Nd5 f5 11. c3 fxe4 12. Bxb5 axb5 13. Nxb5 Be6 14. Nbc7+ Kd7 15. Nxa8 Bxd5 16. Qxd5 Qxa8 17. Qxe4 Qa6 18. a4 Ke6 19. 0-0-0 Bh6+ 20. Kb1 Ne7 21. Rhe1 f5 22. Qb4 Rg8 23. g3 Rg4 24. f4 e4 25. Qb3+ d5 26. Rd4 Qd6 27. c4 Rg8 28. cxd5+ Nxd5 29. Red1 1-0

[Event "Siracusa op 2nd"]
[Site "Siracusa"]
[Date "2007.09.04"]
[Round "3"]
[White "Seminara, Antonio"]
[Black "Carnemolla, Giampaolo"]
[Result "1-0"]
[WhiteElo "1980"]
[BlackElo "1692"]
[PlyCount "89"]
[EventDate "2007.09.02"]
[EventType "swiss"]
[EventRounds "9"]
[EventCountry "ITA"]
[SourceTitle "EXT 2010"]
[Source "ChessBase"]
[SourceDate "2010.11.25"]
[SourceVersion "1"]
[SourceVersionDate "2010.11.25"]
[SourceQuality "1"]

1. d4 d5 2. c4 e6 3. Nf3 Nf6 4. Nc3 Be7 5. e3 c6 6. b3 Nbd7 7. Bd3 0-0 8. Bb2 b6 9. Qc2 Qc7 10. g4 e5 11. dxe5 Nxg4 12. Bxh7+ Kh8 13. cxd5 Ndxe5 14. Nxe5 Qxe5 15. 0-0-0 Nxf2 16. Ne4 Ba3 17. Qxf2 Bxb2+ 18. Qxb2 Qxb2+ 19. Kxb2 cxd5 20. Ng5 f6 21. h4 fxg5 22. hxg5 Rf2+ 23. Ka3 g6 24. Bxg6+ Kg7 25. Bb1 Bf5 26. Rxd5 Bxb1 27. Rxb1 Re8 28. Re1 Re4 29. Rd8 Re5 30. Rd7+ Rf7 31. Red1 Rfe7 32. Rxe7+ Rxe7 33. Kb4 Kg6 34. Rd5 Rxe3 35. Kb5 Rc3 36. Ka6 Rc7 37. a4 Kh5 38. b4 Rc4 39. Rb5 Rc7 40. a5 Re7 41. Rxb6 Kxg5 42. Rb7 Re6+ 43. Kxa7 Kf5 44. b5 Ke5 45. Rd7 1-0

[Event "Siracusa op"]
[Site "Siracusa"]
[Date "2006.09.26"]
[Round "4"]
[White "Seminara, Antonio"]
[Black "Salvaggio, Salvatore"]
[Result "1/2-1/2"]
[WhiteElo "1976"]
[BlackElo "1694"]
[PlyCount "37"]
[EventDate "2006.09.23"]
[EventType "swiss"]
[EventRounds "9"]
[EventCountry "ITA"]
[SourceTitle "EXT 2011"]
[Source "ChessBase"]
[SourceDate "2010.11.26"]
[SourceVersion "1"]
[SourceVersionDate "2010.11.26"]
[SourceQuality "1"]

1. d4 Nf6 2. Bg5 g6 3. Nc3 Bg7 4. e4 d6 5. Qd2 Nc6 6. Nf3 h6 7. Be3 e6 8. Be2 a6 9. 0-0-0 b5 10. Bd3 Nd7 11. g4 Nb6 12. g5 h5 13. d5 Nb4 14. Rhe1 Nxd3+ 15. Qxd3 e5 16. Nd2 0-0 17. h3 Bd7 18. Ne2 b4 19. c4 1/2-1/2

[Event "Catania weekend op 9th"]
[Site "Catania"]
[Date "2005.02.20"]
[Round "5"]
[White "Tricomi, Massimo"]
[Black "Seminara, Antonio"]
[Result "1-0"]
[WhiteElo "1953"]
[BlackElo "1884"]
[PlyCount "39"]
[EventDate "2005.02.12"]
[EventType "swiss"]
[EventRounds "6"]
[EventCountry "ITA"]
[SourceTitle "EXT 2007"]
[Source "ChessBase"]
[SourceDate "2006.11.23"]
[SourceVersion "1"]
[SourceVersionDate "2006.11.23"]
[SourceQuality "1"]

1. Nf3 Nf6 2. c4 g6 3. Nc3 Bg7 4. e4 d6 5. d4 0-0 6. Be2 e5 7. dxe5 dxe5 8. Qxd8 Rxd8 9. Bg5 c6 10. Nxe5 Re8 11. f4 Nxe4 12. Nxe4 Bxe5 13. fxe5 Rxe5 14. Nf6+ Kg7 15. Bh4 Na6 16. Rd1 g5 17. Bf2 Kg6 18. Bd4 Re7 19. Kf2 Bf5 20. Rhe1 1-0

[Event "Catania weekend op 9th"]
[Site "Catania"]
[Date "2005.02.13"]
[Round "3"]
[White "Tomaselli, Maurizio"]
[Black "Seminara, Antonio"]
[Result "1/2-1/2"]
[WhiteElo "2052"]
[BlackElo "1884"]
[PlyCount "96"]
[EventDate "2005.02.12"]
[EventType "swiss"]
[EventRounds "6"]
[EventCountry "ITA"]
[SourceTitle "EXT 2007"]
[Source "ChessBase"]
[SourceDate "2006.11.23"]
[SourceVersion "1"]
[SourceVersionDate "2006.11.23"]
[SourceQuality "1"]

1. e4 c5 2. Nf3 e6 3. d4 cxd4 4. Nxd4 Nf6 5. Nc3 Nc6 6. Nxc6 bxc6 7. e5 Nd5 8. Ne4 f5 9. exf6 Nxf6 10. Nd6+ Bxd6 11. Qxd6 Ne4 12. Qe5 Nf6 13. Qd6 Ne4 14. Qb4 d5 15. Be3 a5 16. Qa4 0-0 17. f3 Nf6 18. 0-0-0 Bd7 19. Bc5 Re8 20. h4 e5 21. h5 e4 22. h6 Bf5 23. hxg7 Qc7 24. Qd4 Nd7 25. Ba3 Qe5 26. Qxe5 Nxe5 27. Be2 Ng6 28. g4 exf3 29. Bxf3 Be4 30. Rdf1 Kxg7 31. Bc5 Bxf3 32. Rxf3 Re6 33. Rfh3 Rae8 34. Rxh7+ Kf6 35. Rf1+ Kg5 36. Rf5+ Kxg4 37. Rhh5 Re1+ 38. Kd2 R1e2+ 39. Kc3 Nf4 40. Rhg5+ Kf3 41. Rg7 R8e4 42. b3 a4 43. Rfg5 d4+ 44. Kb2 axb3 45. Rg3+ Kf2 46. axb3 Rd2 47. Bd6 d3 48. Bc5+ Ke2 1/2-1/2

[Event "Catania weekend op 9th"]
[Site "Catania"]
[Date "2005.02.12"]
[Round "1"]
[White "Gangemi, Salvatore"]
[Black "Seminara, Antonio"]
[Result "1-0"]
[WhiteElo "2102"]
[BlackElo "1884"]
[PlyCount "93"]
[EventDate "2005.02.12"]
[EventType "swiss"]
[EventRounds "6"]
[EventCountry "ITA"]
[SourceTitle "EXT 2007"]
[Source "ChessBase"]
[SourceDate "2006.11.23"]
[SourceVersion "1"]
[SourceVersionDate "2006.11.23"]
[SourceQuality "1"]

1. c4 e6 2. Nf3 d5 3. d4 c6 4. Nc3 Nf6 5. cxd5 exd5 6. Bg5 Be7 7. Qc2 Nbd7 8. e3 h6 9. Bh4 0-0 10. Bd3 Re8 11. 0-0 Ne4 12. Bg3 Nxg3 13. hxg3 Bd6 14. e4 dxe4 15. Nxe4 Nf6 16. Rfe1 Bg4 17. Re2 Nxe4 18. Bxe4 Bb4 19. a3 Ba5 20. b4 Bb6 21. Rae1 Kf8 22. a4 a6 23. b5 Ba5 24. Qc5+ Re7 25. bxc6 Bxe1 26. cxb7 Bxf2+ 27. Kxf2 Rb8 28. Rc2 Bxf3 29. gxf3 Kg8 30. Qxe7 Qxe7 31. Rc8+ Qd8 32. Rxd8+ Rxd8 33. Ke3 a5 34. Kd3 Kf8 35. Bf5 Rb8 36. Bc8 f5 37. Kc4 f4 38. g4 g5 39. Kd3 Ke7 40. Ke4 Kd6 41. d5 Kc7 42. Kf5 Kd6 43. Ke4 Kc7 44. Ke5 Rxc8 45. bxc8Q+ Kxc8 46. Ke6 Kd8 47. d6 1-0

[Event "ITA-ch U20"]
[Site "Porto San Giorgio"]
[Date "2004.08.23"]
[Round "4"]
[White "Vocaturo, Daniele"]
[Black "Seminara, Antonio"]
[Result "1-0"]
[WhiteElo "2221"]
[BlackElo "1937"]
[PlyCount "59"]
[EventDate "2004.08.20"]
[EventType "swiss"]
[EventRounds "9"]
[EventCountry "ITA"]
[SourceTitle "EXT 2005"]
[Source "ChessBase"]
[SourceDate "2004.11.15"]
[SourceVersion "1"]
[SourceVersionDate "2004.11.15"]
[SourceQuality "1"]

1. e4 c5 2. Nf3 Nc6 3. d4 cxd4 4. Nxd4 e5 5. Nb5 a6 6. Nd6+ Bxd6 7. Qxd6 Qf6 8. Qd1 Nge7 9. Nc3 0-0 10. Be3 b5 11. Qd2 Rb8 12. 0-0-0 Rd8 13. g4 d6 14. g5 Qg6 15. f3 Be6 16. h4 f5 17. h5 Qe8 18. Nd5 f4 19. Bg1 a5 20. h6 Bxd5 21. exd5 Nb4 22. a3 Nbxd5 23. hxg7 Ne3 24. Bxe3 fxe3 25. Qxe3 Kxg7 26. Rxd6 Rxd6 27. Qxe5+ Kg8 28. Qxd6 Nf5 29. Qd5+ Kh8 30. Bd3 1-0

[Event "ITA-ch U20"]
[Site "Porto San Giorgio"]
[Date "2004.08.21"]
[Round "2"]
[White "Seminara, Antonio"]
[Black "Pace, Pietro Dario"]
[Result "0-1"]
[WhiteElo "1937"]
[BlackElo "2133"]
[PlyCount "60"]
[EventDate "2004.08.20"]
[EventType "swiss"]
[EventRounds "9"]
[EventCountry "ITA"]
[SourceTitle "EXT 2005"]
[Source "ChessBase"]
[SourceDate "2004.11.15"]
[SourceVersion "1"]
[SourceVersionDate "2004.11.15"]
[SourceQuality "1"]

1. d4 d5 2. c4 c6 3. Nc3 Nf6 4. Nf3 a6 5. cxd5 cxd5 6. Bf4 Nc6 7. e3 Bg4 8. Be2 e6 9. 0-0 Bd6 10. Ne5 Bxe5 11. Bxe5 Nxe5 12. dxe5 Bxe2 13. Qxe2 Nd7 14. f4 0-0 15. Rf3 f6 16. exf6 Nxf6 17. Rd1 b5 18. b4 Qb6 19. Kh1 Qc6 20. Qd3 Rfc8 21. Ne2 Qc2 22. Qxc2 Rxc2 23. Nd4 Rxa2 24. Nxe6 Rc8 25. Rg3 g6 26. f5 Ne4 27. Rf3 Nf2+ 28. Rxf2 Rxf2 29. Nf4 gxf5 30. Nxd5 Rd2 0-1